| 000 | 00920nam a2200265 a 4500 | ||
|---|---|---|---|
| 001 | 000018616 | ||
| 003 | DO-SdBNP | ||
| 005 | 20230605140047.0 | ||
| 008 | 100512s1960 sp r 000 0 spa d | ||
| 040 |
_aDO-SdBNP _bspa _cBNPHU |
||
| 082 |
_a980.02 _bD352i |
||
| 100 | 1 |
_aDelgado, Jaime _940233 |
|
| 245 | 1 | 3 |
_aLa independencia hispanoamericana / _cJaime Delgado. |
| 260 |
_aMadrid, España : _bInstituto de Cultura Hispánica, _c1960. |
||
| 300 |
_a124 p. ; _c17 cm. |
||
| 490 | 1 | _aNuevo mundo | |
| 500 | _aIncluye datos biográficos del autor en la solapa. | ||
| 504 | _aIncluye referencias bibliográficas | ||
| 504 | _aIncluye notas al pié de las páginas. | ||
| 650 | 4 |
_aAmérica latina _xHistoria _xGuerras de independencia _y1806-1830 _940234 |
|
| 650 | 4 |
_aAmérica latina _xCondiciones sociales _931098 |
|
| 650 | 4 |
_aAmérica latina _xHistoria _940235 |
|
| 830 | 0 |
_aNuevo mundo _940236 |
|
| 942 |
_2ddc _cLBS1 |
||
| 999 |
_c18136 _d18136 |
||